Catalog

Record Details

Catalog Search



Resettlement of Displaced Persons on the Thai-Myanmar Border Cover Image E-book E-book

Resettlement of Displaced Persons on the Thai-Myanmar Border [electronic resource] / edited by Benjamin Harkins, Supang Chantavanich.

Record details

  • ISBN: 9783319027920
  • Physical Description: XIX, 116 p. 34 illus., 31 illus. in color. online resource.
  • Publisher: Cham : Springer International Publishing : 2014.
Subject: Environmental sciences.
Environmental law.
Migration.
Environment.
Environmental Law/Policy/Ecojustice.
Migration.
International Relations.

Electronic resources


LDR 01805nam a22004695i 4500
00120503
003CONS
00520131125092547.0
007cr nn 008mamaa
008131125s2014 gw | s |||| 0|eng d
020 . ‡a9783319027920 ‡9978-3-319-02792-0
0247 . ‡a10.1007/978-3-319-02792-0 ‡2doi
035 . ‡a(DE-He213)978-3-319-02792-0
050 4. ‡aK3581-3598.22
050 4. ‡aGE170
050 4. ‡aHC79.E5
050 4. ‡aGE220
072 7. ‡aLNKJ ‡2bicssc
072 7. ‡aRNA ‡2bicssc
072 7. ‡aLAW034000 ‡2bisacsh
1001 . ‡aHarkins, Benjamin. ‡eeditor.
24510. ‡aResettlement of Displaced Persons on the Thai-Myanmar Border ‡h[electronic resource] / ‡cedited by Benjamin Harkins, Supang Chantavanich.
264 1. ‡aCham : ‡bSpringer International Publishing : ‡bImprint: Springer, ‡c2014.
300 . ‡aXIX, 116 p. 34 illus., 31 illus. in color. ‡bonline resource.
336 . ‡atext ‡btxt ‡2rdacontent
337 . ‡acomputer ‡bc ‡2rdamedia
338 . ‡aonline resource ‡bcr ‡2rdacarrier
347 . ‡atext file ‡bPDF ‡2rda
4901 . ‡aSpringerBriefs in Environment, Security, Development and Peace, ‡x2193-3162 ; ‡v18
650 0. ‡aEnvironmental sciences.
650 0. ‡aEnvironmental law.
650 0. ‡aMigration.
65014. ‡aEnvironment.
65024. ‡aEnvironmental Law/Policy/Ecojustice.
65024. ‡aMigration.
65024. ‡aInternational Relations.
7001 . ‡aChantavanich, Supang. ‡eeditor.
7102 . ‡aSpringerLink (Online service)
7730 . ‡tSpringer eBooks
77608. ‡iPrinted edition: ‡z9783319027913
830 0. ‡aSpringerBriefs in Environment, Security, Development and Peace, ‡x2193-3162 ; ‡v18
85640. ‡uhttp://biblioteca.ipicyt.edu.mx:2048/login?url=http://dx.doi.org/10.1007/978-3-319-02792-0 ‡yTexto completo ‡9CONS
950 . ‡aEarth and Environmental Science (Springer-11646)
901 . ‡a20503 ‡b ‡c20503 ‡tbiblio ‡sSystem Local

Additional Resources